000
00305nam a2200121Ia 4500
008
190216s9999||||xx |||||||||||||| ||und||
100
_a
Sucha L & Kotrly St
245
0
_a
Solution Equilibria In Anlytical Chemistry
260
_b
Vannostrand
_c
1972
300
_a
373p
650
_a
Chemistry
942
_c
BK
999
_c
2276
_d
2276